000 00491nam a2200181Ia 4500
003 GCL
008 140319s9999 xx 000 0 ara d
040 _aGCL /
_cGCL
082 0 4 _aد
_b050
100 1 _aعلى الجارم
245 1 0 _aغادة الرشيد ( اقرا 87 ) /
_cعلى الجارم
300 _a176 ص
490 _aوثائق ونصوص
_v0
650 0 4 _aالادب العربى
650 0 4 _aالقصص التاريخية
650 0 4 _aالقصص
942 _2ddc
_cCF
999 _c27283
_d27283